000 01771nam a2200265Ia 4500
999 _c46202
_d46202
001 13035
003 GE_BSU
005 20240711104602.0
008 181216s2014||||ge |||||||||||||| ||geo||
020 _a9789941217968
040 _cGE_BSU
041 _ageo
080 _a27-36 ღ-70
245 _aღირსი და ღმერთშემოსილი მამა ანტონი დიდი /
_cშემდგ. სოფიო თავაძე ; გარეკანის დიზაინი ეთერ გზირიშვილი.
264 _aთბილისი :
_bპალიტრა,
_c2014
300 _a184 გვ. ;
_c20 სმ.
490 _aსაქართველოს იმედი II : ყველა წმინდანი, რომელთა შესახებაც უნდა იცოდე, 2298-0547 / პროექტის რედაქტორი თამარ მამაცაშვილი.
_v წ. 7
500 _aიბეჭდება სრულიად საქართველოს კათოლიკოს-პატრიარქის, უწმინდესისა და უნეტარესის ილია II-ის ლოცვა-კურთხევით
504 _aბიბლიოგრაფია : გვ. 181
653 _aღირსი და ღმერთშემოსილი მამა ანტონი დიდი
653 _aწმინდანთა ცხოვრება
700 _aთავაძე, სოფიო
_eშემდგენელი
_95013
700 _aგზირიშვილი, ეთერ
_eგარეკანის დიზაინი
_922802
942 _cBK
_2udc